Núñez de Arce treinta y cuatro / (Record no. 22342)
[ view plain ]
| 000 -LEADER | |
|---|---|
| campo de control de longitud fija | 00606nam a2200181 i 4500 |
| 001 - NÚMERO DE CONTROL | |
| campo de control | 22342 |
| 003 - IDENTIFICADOR DE NÚMERO DE CONTROL | |
| campo de control | ES-MaACL |
| 005 - FECHA Y HORA DE LA ÚLTIMA TRANSACCIÓN | |
| campo de control | 20251016163149.0 |
| 007 - CAMPO FIJO DE DESCRIPCIÓN FÍSICA--INFORMACIÓN GENERAL | |
| campo de control de longitud fija | t| |
| 008 - DATOS DE LONGITUD FIJA--INFORMACIÓN GENERAL | |
| campo de control de longitud fija | 021202s1976 sp ||||1| spa d |
| 100 1# - ENTRADA PRINCIPAL--NOMBRE DE PERSONA | |
| Nombre de persona | Alonso-Cortés, Carolina-Dafne. |
| 9 (RLIN) | 20275 |
| 245 10 - MENCIÓN DEL TÍTULO | |
| Título | Núñez de Arce treinta y cuatro / |
| Mención de responsabilidad, etc. | Carolina-Dafne Alonso-Cortés ; prólogo: Francisco Javier Martín Abril. |
| 260 ## - PUBLICACIÓN, DISTRIBUCIÓN, ETC. | |
| Lugar de publicación, distribución, etc. | Madrid : |
| Nombre del editor, distribuidor, etc. | Mayfe, |
| Fecha de publicación, distribución, etc. | [1976] |
| 300 ## - DESCRIPCIÓN FÍSICA | |
| Extensión | 261 p. : |
| Otras características físicas | il. ; |
| Dimensiones | 18 cm. |
| 700 1# - ENTRADA AGREGADA--NOMBRE PERSONAL | |
| Nombre de persona | Martín Abril, Francisco Javier, |
| Fechas asociadas al nombre | 1908- |
| 9 (RLIN) | 77381 |
| 852 ## - LOCALIZACIÓN | |
| Ubicación | ES-MaACL |
| Número de control de estantería | A-10935 |
| Sublocalización o colección | R.100345 |
| Estatus retirado | Estado de pérdida | Estado de daño | No para préstamo | Biblioteca de origen | Biblioteca actual | Ubicación en estantería | Fecha de adquisición | Fuente de adquisición | Total de préstamos | Signatura topográfica completa | Código de barras | Visto por última vez | Precio de reemplazo | Tipo de ítem Koha |
|---|---|---|---|---|---|---|---|---|---|---|---|---|---|---|
| Biblioteca del Ateneo de Madrid | Biblioteca del Ateneo de Madrid | Depósito 1 | 17/01/2008 | A-10935 | 1022998 | 23/02/2023 | 23/02/2023 | Libro impreso |
